The calibration of an optical flat by interferometric comparision to a master optical flat (Record no. 7299)

MARC details
000 -LEADER
fixed length control field 00594nam a2200193Ia 4500
003 - CONTROL NUMBER IDENTIFIER
control field IN-BaIIA
008 - FIXED-LENGTH DATA ELEMENTS--GENERAL INFORMATION
fixed length control field 211028s9999 xx 000 0 eng d
040 ## - CATALOGING SOURCE
Transcribing agency IIA Library
080 ## - UNIVERSAL DECIMAL CLASSIFICATION NUMBER
Universal Decimal Classification number 535.41
Item number REE
100 ## - MAIN ENTRY--PERSONAL NAME
Personal name Reeve, Charles P.
9 (RLIN) 12493
245 #4 - TITLE STATEMENT
Title The calibration of an optical flat by interferometric comparision to a master optical flat
Statement of responsibility, etc. Reeve, Charles P.
260 ## - PUBLICATION, DISTRIBUTION, ETC.
Place of publication, distribution, etc. Springfield
Name of publisher, distributor, etc. U. S. Department of Commerce
Date of publication, distribution, etc. 1975
300 ## - PHYSICAL DESCRIPTION
Extent ii, 36p.
490 ## - SERIES STATEMENT
Series statement NBSIR 75-975
650 ## - SUBJECT ADDED ENTRY--TOPICAL TERM
Topical term or geographic name entry element Interferometry
9 (RLIN) 3249
650 ## - SUBJECT ADDED ENTRY--TOPICAL TERM
Topical term or geographic name entry element NASA Thesaurus
650 ## - SUBJECT ADDED ENTRY--TOPICAL TERM
Topical term or geographic name entry element Optical flat
9 (RLIN) 12494
942 ## - ADDED ENTRY ELEMENTS (KOHA)
Koha item type Books
952 ## - LOCATION AND ITEM INFORMATION (KOHA)
-- 16.25
Holdings
Withdrawn status Lost status Damaged status Not for loan Home library Current library Shelving location Date acquired Total Checkouts Full call number Barcode Date last seen Price effective from Koha item type
        IIA Library-Bangalore IIA Library-Bangalore General Stacks 21/03/1983   535.41/ REE 8102 05/11/2021 21/03/1983 Books

Powered by Koha